| 000 | 00491nam a2200169 a 4500 | ||
|---|---|---|---|
| 001 | 000025556 | ||
| 005 | 20200930023856.0 | ||
| 008 | 110217s1964 sp r 000 0 spa d | ||
| 040 |
_aDO-SdBNP _bspa _cBNPHU |
||
| 082 |
_ann* _bnn* |
||
| 100 | 1 |
_aCheng, Chen. _952228 |
|
| 245 | 1 | 3 |
_aLa reforma agraria en Taiwan / _cChen Cheng. |
| 260 |
_aMadrid : _bCompañía China de Publicaciones, _c1964. |
||
| 300 |
_a332 p. : _bil. ; _c21 cm. |
||
| 500 | _aIncluye índice alfabético. | ||
| 049 | _aBNGR | ||
| 999 |
_c25048 _d25048 |
||